| 000 | 00603nam a2200205 a 4500 | ||
|---|---|---|---|
| 005 | 20140310183504.0 | ||
| 008 | 100812s19uu xx 00 eng d | ||
| 020 | _a9781433807558 | ||
| 050 |
_aRC 480.55 _b.L477 2010 |
||
| 100 | _aLevenson, Hanna | ||
| 245 |
_aBrief dynamic therapy. / _cHanna Levenson |
||
| 260 |
_aWashington D.C : _bAmerican Psychological Association, _c2010. |
||
| 300 |
_a156 p. : _c23 cm. |
||
| 440 | _aTheories of psychotherapy | ||
| 521 | _aPSYCH | ||
| 650 | _aBrief psychotherapy. | ||
| 650 | _aPsychodynamic psychotherapy. | ||
| 942 |
_cBK _2lcc _kFOR |
||
| 999 |
_c23989 _d23989 |
||